000 00366nam a22001457a 4500
008 240312b |||||||| |||| 00| 0 eng d
020 _a9789356063570
100 _aS. J. Russell & P. Norvig
245 _aArtificial Intelligence A Modern Approach
250 _a4th Ed.
260 _aNoida
_bPearson
_c2024
300 _a1288
650 _aCSE
942 _2ddc
_cBK
999 _c20601
_d20601